000 00769nam a22001937a 4500
999 _c60637
_d60637
005 20230927111951.0
008 230927s1979 fr ||||| |||| 00| 0 fre d
041 _afre
080 _a739.1(479.22) S-20
100 _aSanikidze, T.
_919634
245 _aOrfevrerie georgienne du VIIe au XIXe siecle /
_cT. Sanikidze, G. Abramishvili ; photographies: Ursulsa et Andre Held.
264 _aGeneve :
_bMusee d'art et d'histoire,
_c1979.
300 _a[178] p. :
_bill., map ;
_c24 cm
521 _a ბიბლიოგრაფია: გვ. [176].
700 _aAbramishvili, G.
_eავტორი
_919635
700 _aHeld, Ursula
_eილუსტრატორი
_919929
700 _aHeld, Andre
_eილუსტრატორი
_919930
942 _2udc
_cBK